Lekhu Vyakaranam (Record no. 45726)

MARC details
000 -LEADER
fixed length control field 00451nam a2200145Ia 4500
008 - FIXED-LENGTH DATA ELEMENTS--GENERAL INFORMATION
fixed length control field 211109s9999||||xx |||||||||||||| ||und||
082 ## - DEWEY DECIMAL CLASSIFICATION NUMBER
Classification number 494.812
Item number NAR-L
100 ## - MAIN ENTRY--PERSONAL NAME
Personal name P K, Narayana Pillai
245 #0 - TITLE STATEMENT
Title Lekhu Vyakaranam
260 ## - PUBLICATION, DISTRIBUTION, ETC.
Name of publisher, distributor, etc. Kerala Bhasha Institute
Place of publication, distribution, etc. Thiruvananthapuram
Date of publication, distribution, etc. 1950
300 ## - PHYSICAL DESCRIPTION
Extent 65p
630 ## - SUBJECT ADDED ENTRY--UNIFORM TITLE
General subdivision GENERAL STACK
650 ## - SUBJECT ADDED ENTRY--TOPICAL TERM
Topical term or geographic name entry element Malayalam language
942 ## - ADDED ENTRY ELEMENTS (KOHA)
Koha item type BOOK
650 ## - SUBJECT ADDED ENTRY--TOPICAL TERM
Form subdivision Malayalam grammar
General subdivision Altaic, Uralic, Hyperborean & Dravidian Malayalam
Holdings
Withdrawn status Lost status Damaged status Not for loan Home library Current library Date acquired Cost, normal purchase price Total Checkouts Full call number Barcode Shelving location Date last seen Price effective from Koha item type
        SB LIBRARY SB LIBRARY 09/11/2021 100.00   494.812 NAR-L 00087709 GENERAL STACK 09/11/2021 09/11/2021 BOOK

Powered by Koha